[Event "AUS-ch"]
[Site "Adelaide"]
[Date "2024.01.11"]
[Round "11"]
[White "Leaver, Kyle"]
[Black "Dragicevic, Domagoj"]
[Result "1-0"]
[WhiteElo "2062"]
[BlackElo "2040"]
[PlyCount "63"]
[EventDate "2024.01.02"]
[EventType "swiss"]
[EventRounds "11"]
[EventCountry "AUS"]
[SourceTitle "CB03_2024"]
[SourceDate "2024.01.17"]
[SourceVersion "1"]
[SourceVersionDate "2024.01.17"]
[SourceQuality "1"]

1. e4 e5 2. Nf3 Nc6 3. Bc4 Nf6 4. d3 h6 5. 0-0 d6 6. a4 g5 7. Nc3 Bg7 8. a5 a6 9. Nd5 Nxd5 10. Bxd5 0-0 11. Be3 Nd4 12. Nxd4 exd4 13. Bd2 c6 14. Ba2 Be6 15. f4 Bxa2 16. Rxa2 Qe7 17. fxg5 hxg5 18. Qg4 f6 19. Rf5 Rae8 20. Ra1 Qf7 21. Raf1 Qa2 22. Bc1 Re5 23. h4 gxh4 24. Bh6 Re7 25. Rxf6 Rxf6 26. Rxf6 Qb1+ 27. Kh2 Qxc2 28. Bxg7 Rxg7 29. Qc8+ Kh7 30. Qf5+ Kh8 31. Rf8+ Rg8 32. Qh5+ 1-0

[Event "AUS-ch"]
[Site "Adelaide"]
[Date "2024.01.04"]
[Round "4"]
[White "Hernandez Mendez, Iker"]
[Black "Leaver, Kyle"]
[Result "1/2-1/2"]
[WhiteElo "1834"]
[BlackElo "2062"]
[PlyCount "47"]
[EventDate "2024.01.02"]
[EventType "swiss"]
[EventRounds "11"]
[EventCountry "AUS"]
[SourceTitle "CB03_2024"]
[SourceDate "2024.01.17"]
[SourceVersion "1"]
[SourceVersionDate "2024.01.17"]
[SourceQuality "1"]

1. e4 c5 2. Nf3 d6 3. d4 cxd4 4. Nxd4 Nf6 5. Nc3 a6 6. Rg1 g6 7. g4 Nc6 8. g5 Nd7 9. h4 h5 10. Be3 Bg7 11. f4 0-0 12. Qd2 Qa5 13. Nb3 Bxc3 14. bxc3 Qa4 15. Qg2 b6 16. Be2 Bb7 17. Bxh5 gxh5 18. g6 Nf6 19. gxf7+ Kxf7 20. Qg6+ Ke6 21. Qf5+ Kf7 22. Qg6+ Ke6 23. Qf5+ Kf7 24. Qg6+ 1/2-1/2

[Event "Doeberl Cup 58th"]
[Site "Canberra"]
[Date "2021.04.04"]
[Round "8"]
[White "Winkelman, Albert"]
[Black "Leaver, Kyle"]
[Result "1-0"]
[WhiteElo "2266"]
[BlackElo "2107"]
[PlyCount "79"]
[EventDate "2021.04.01"]
[EventType "swiss"]
[EventRounds "9"]
[EventCountry "AUS"]
[SourceTitle "EXT 2023"]
[Source "ChessBase"]
[SourceDate "2022.10.05"]
[SourceVersion "1"]
[SourceVersionDate "2022.10.05"]
[SourceQuality "1"]

1. c4 g6 2. Nc3 c5 3. Nf3 Bg7 4. e3 Nf6 5. d4 cxd4 6. exd4 d5 7. cxd5 Nxd5 8. Bc4 Nxc3 9. bxc3 0-0 10. 0-0 Qc7 11. Bb3 Nc6 12. Re1 e6 13. Ng5 Na5 14. Qf3 Nxb3 15. axb3 e5 16. dxe5 Bxe5 17. Ba3 Bxh2+ 18. Kh1 Bd6 19. Bxd6 Qxd6 20. Re8 Be6 21. Rxa8 Rxa8 22. Nxe6 fxe6 23. Qxb7 Rb8 24. Qxa7 Rxb3 25. Qe3 Rb5 26. Kg1 Rd5 27. c4 Rd3 28. Qe2 e5 29. c5 Qd4 30. Rc1 Rc3 31. Qb2 Rxc1+ 32. Qxc1 Qd7 33. c6 Qc7 34. Qc4+ Kf8 35. Qe6 Qe7 36. Qc8+ Qe8 37. Qc7 Qe6 38. Qb8+ Qe8 39. Qb7 Qd8 40. Qxh7 1-0

[Event "Doeberl Cup 58th"]
[Site "Canberra"]
[Date "2021.04.03"]
[Round "6"]
[White "Lane, Gary William"]
[Black "Leaver, Kyle"]
[Result "0-1"]
[WhiteElo "2353"]
[BlackElo "2107"]
[PlyCount "82"]
[EventDate "2021.04.01"]
[EventType "swiss"]
[EventRounds "9"]
[EventCountry "AUS"]
[SourceTitle "EXT 2023"]
[Source "ChessBase"]
[SourceDate "2022.10.05"]
[SourceVersion "1"]
[SourceVersionDate "2022.10.05"]
[SourceQuality "1"]

1. e4 c5 2. Nf3 d6 3. d4 cxd4 4. Qxd4 Nc6 5. Bb5 Bd7 6. Qd3 g6 7. 0-0 Bg7 8. c4 Nf6 9. Nc3 0-0 10. h3 a6 11. Bxc6 Bxc6 12. Nd4 Qb6 13. Rd1 Nd7 14. Qe3 Rfe8 15. b3 e6 16. f4 e5 17. Nxc6 Qxe3+ 18. Bxe3 exf4 19. Bd4 bxc6 20. Bxg7 Kxg7 21. Rxd6 Ne5 22. Kf2 g5 23. Rad1 h5 24. Ne2 Ng6 25. R1d4 Ne5 26. c5 Rab8 27. Rd2 a5 28. Nc3 Rb4 29. R2d4 g4 30. Ne2 g3+ 31. Kf1 Ng6 32. Rxb4 axb4 33. Rxc6 Rxe4 34. Rd6 Re5 35. Rd4 Rxc5 36. Rxb4 Rc2 37. a4 Rb2 38. Rc4 Rxb3 39. Nxf4 Rb1+ 40. Ke2 Rb2+ 41. Kf3 Ne5+ 0-1

[Event "Adelaide Lidums"]
[Site "Adelaide"]
[Date "2019.12.13"]
[Round "9"]
[White "Leaver, Kyle"]
[Black "Cheng, Bobby Sky"]
[Result "0-1"]
[WhiteElo "2059"]
[BlackElo "2529"]
[PlyCount "126"]
[EventDate "2019.12.07"]
[EventType "tourn"]
[EventRounds "9"]
[EventCountry "AUS"]
[EventCategory "1"]
[SourceTitle "CBM 193 Extra"]
[Source "ChessBase"]
[SourceDate "2020.01.31"]
[SourceVersion "1"]
[SourceVersionDate "2020.01.31"]
[SourceQuality "1"]

1. d4 e6 2. c4 f5 3. g3 Nf6 4. Bg2 d5 5. Nf3 Bd6 6. 0-0 c6 7. b3 Qe7 8. Ne5 0-0 9. Nd2 b6 10. Ndf3 Bb7 11. Bf4 c5 12. Rc1 Ne4 13. h4 Nd7 14. e3 Rad8 15. Nxd7 Qxd7 16. cxd5 exd5 17. Qc2 Bxf4 18. exf4 Rc8 19. Ne5 Qb5 20. dxc5 bxc5 21. Rfd1 Rc7 22. Bf1 Qb6 23. Kh2 g6 24. f3 Nf6 25. Rd3 Rfc8 26. Rc3 Kg7 27. Nd3 Nd7 28. Qe2 Qd6 29. Re1 Nf6 30. Qe5 Qf8 31. b4 c4 32. Nc5 Rxc5 33. bxc5 Re8 34. Qc7+ Qf7 35. Qxf7+ Kxf7 36. Rxe8 Kxe8 37. Ra3 Kd7 38. Rxa7 Kc6 39. Kg2 Nd7 40. Kf2 Nxc5 41. Ra3 Kb5 42. Re3 Bc6 43. Re7 d4 44. Ke1 Bxf3 45. Rxh7 d3 46. Kd2 Ne4+ 47. Ke3 d2 48. Be2 Bxe2 49. Kxe2 c3 50. Rc7 Kb4 51. Rc8 Ka3 52. Rxc3+ Nxc3+ 53. Kxd2 Ne4+ 54. Ke3 Nxg3 55. Kd4 Nh5 56. Ke5 Kxa2 57. Ke6 Nxf4+ 58. Kf6 Nh5+ 59. Kxg6 f4 60. Kxh5 f3 61. Kg6 f2 62. h5 f1Q 63. Kg7 Qf5 0-1

[Event "AUS-ch"]
[Site "Cammeray"]
[Date "2018.01.12"]
[Round "11"]
[White "Wright, Neil"]
[Black "Leaver, Kyle"]
[Result "1-0"]
[WhiteElo "2126"]
[BlackElo "1973"]
[PlyCount "47"]
[EventDate "2018.01.02"]
[EventType "swiss"]
[EventRounds "11"]
[EventCountry "AUS"]
[SourceTitle "CBM 182 Extra"]
[Source "ChessBase"]
[SourceDate "2018.02.23"]
[SourceVersion "1"]
[SourceVersionDate "2018.02.23"]
[SourceQuality "1"]

1. e4 c5 2. d4 cxd4 3. c3 dxc3 4. Nxc3 Nc6 5. Nf3 e6 6. Bc4 a6 7. 0-0 b5 8. Bb3 Nge7 9. Bg5 f6 10. Be3 Ng6 11. Nd5 Rb8 12. Rc1 exd5 13. exd5 Nce5 14. Nxe5 Nxe5 15. d6 Bb7 16. f4 Nc4 17. Re1 Qc8 18. Rxc4 bxc4 19. Bc5+ Kf7 20. Bxc4+ Kg6 21. Qg4+ Kh6 22. Qh3+ Kg6 23. f5+ Kg5 24. Be3# 1-0

[Event "AUS-ch"]
[Site "Cammeray"]
[Date "2018.01.03"]
[Round "3"]
[White "Leaver, Kyle"]
[Black "Solomon, Stephen J"]
[Result "0-1"]
[WhiteElo "1973"]
[BlackElo "2365"]
[PlyCount "118"]
[EventDate "2018.01.02"]
[EventType "swiss"]
[EventRounds "11"]
[EventCountry "AUS"]
[SourceTitle "CBM 182 Extra"]
[Source "ChessBase"]
[SourceDate "2018.02.23"]
[SourceVersion "1"]
[SourceVersionDate "2018.02.23"]
[SourceQuality "1"]

1. d4 Nf6 2. c4 c5 3. d5 e5 4. Nc3 d6 5. e4 Be7 6. g3 0-0 7. Bg2 Ne8 8. Nge2 Bg5 9. f4 exf4 10. gxf4 Bh4+ 11. Ng3 f5 12. 0-0 fxe4 13. Ngxe4 h6 14. Qh5 Bf5 15. Ng5 Bxg5 16. fxg5 g6 17. Qxh6 Qe7 18. Be4 Bxe4 19. Rxf8+ Qxf8 20. Nxe4 Qf5 21. Nf6+ Nxf6 22. gxf6 Qxf6 23. Bg5 Qd4+ 24. Be3 Qg4+ 25. Kh1 Qe4+ 26. Kg1 Nd7 27. Qf4 Re8 28. Bd2 Qd3 29. Re1 Ne5 30. Rf1 Qxc4 31. Qxc4 Nxc4 32. Bc3 Rf8 33. Re1 b5 34. Re6 b4 35. Be1 Rf5 36. b3 Rg5+ 37. Bg3 Nb6 38. Rxd6 Kf7 39. Rc6 Rxd5 40. Kf1 Rd2 41. Rc7+ Ke6 42. Rxa7 Nd5 43. Ra6+ Kf5 44. Rc6 Ke4 45. Ke1 Rxa2 46. Rxc5 Rb2 47. Kd1 Rxb3 48. Kc2 Rf3 49. Rb5 Rc3+ 50. Kb2 Re3 51. Kc2 g5 52. Kd2 g4 53. Kc2 Rd3 54. Rb7 Ne3+ 55. Kb2 Nc4+ 56. Kc2 Rc3+ 57. Kb1 b3 58. Be1 Rd3 59. Bg3 Rd1# 0-1

[Event "South Australia-ch"]
[Site "Adelaide"]
[Date "2017.03.14"]
[Round "6"]
[White "Leaver, Kyle"]
[Black "Lee, Aaron James"]
[Result "1-0"]
[WhiteElo "1918"]
[BlackElo "1664"]
[PlyCount "77"]
[EventDate "2017.02.07"]
[EventType "tourn"]
[EventRounds "9"]
[EventCountry "AUS"]
[SourceTitle "EXT 2023"]
[Source "ChessBase"]
[SourceDate "2022.10.05"]
[SourceVersion "1"]
[SourceVersionDate "2022.10.05"]
[SourceQuality "1"]

1. d4 Nf6 2. c4 c5 3. d5 e6 4. Nc3 exd5 5. cxd5 d6 6. e4 g6 7. f4 Bg7 8. Bb5+ Nfd7 9. a4 0-0 10. Nf3 Na6 11. 0-0 Nb4 12. Re1 a6 13. Bf1 Re8 14. h3 f5 15. Qb3 fxe4 16. Nxe4 Nf6 17. Nxf6+ Bxf6 18. Rxe8+ Qxe8 19. Bd2 Qe4 20. Rc1 Bd7 21. Rc4 Qe8 22. Bxb4 b5 23. Rc2 bxa4 24. Qa3 cxb4 25. Qxb4 Qb8 26. Qa5 Bxb2 27. Ng5 Bf6 28. Ne6 Bb5 29. Qe1 Qb6+ 30. Kh2 Re8 31. Qb4 Rb8 32. Bxb5 axb5 33. Rc6 Qa7 34. Qxd6 a3 35. Rc7 Qxc7 36. Nxc7 Bg7 37. Qxa3 b4 38. Qb3 Bh6 39. d6+ 1-0

[Event "Adelaide op"]
[Site "Adelaide"]
[Date "2016.08.16"]
[Round "4"]
[White "Leaver, Kyle"]
[Black "Vuckov, George"]
[Result "1-0"]
[WhiteElo "1865"]
[BlackElo "1771"]
[PlyCount "111"]
[EventDate "2016.07.26"]
[EventType "swiss"]
[EventRounds "9"]
[EventCountry "AUS"]
[SourceTitle "EXT 2018"]
[Source "ChessBase"]
[SourceDate "2017.10.13"]
[SourceVersion "1"]
[SourceVersionDate "2017.10.13"]
[SourceQuality "1"]

1. e4 c5 2. Nf3 d6 3. Bb5+ Bd7 4. Bxd7+ Qxd7 5. 0-0 Nf6 6. e5 dxe5 7. Nxe5 Qc7 8. d4 e6 9. Bf4 Nc6 10. Ng6 Bd6 11. Bxd6 Qxd6 12. Nxh8 Ke7 13. Nxf7 Kxf7 14. dxc5 Qxc5 15. Nc3 Qf5 16. Qd3 Qxd3 17. cxd3 Rd8 18. Rfd1 a6 19. Rac1 Nd4 20. Kf1 h6 21. Ne4 Nd5 22. Nc5 Rb8 23. Rc4 Nf5 24. Ne4 Rd8 25. g4 Nfe7 26. Nc5 b5 27. Re4 Rd6 28. Rde1 Nc7 29. h4 Ned5 30. h5 Ke7 31. f3 Nf6 32. R4e2 Nfd5 33. Kf2 Nf4 34. Rd2 Ncd5 35. Re4 Nh3+ 36. Kg3 Ng5 37. Re1 Rc6 38. Rc1 Ne3 39. Re2 Nd5 40. a3 Kd6 41. Nb7+ Kd7 42. Rxc6 Kxc6 43. Na5+ Kd7 44. Nb3 Nc7 45. f4 Nf7 46. Kh4 Nd6 47. Nc5+ Ke7 48. f5 Kf7 49. Nxe6 Nce8 50. Kg3 Nf6 51. Nd8+ Kf8 52. Re6 Nfe8 53. Kf4 Kg8 54. Ke5 Nf7+ 55. Nxf7 Kxf7 56. Rxa6 1-0

[Event "Adelaide op"]
[Site "Adelaide"]
[Date "2016.08.16"]
[Round "5"]
[White "Wedding, William"]
[Black "Leaver, Kyle"]
[Result "1/2-1/2"]
[WhiteElo "1942"]
[BlackElo "1865"]
[PlyCount "112"]
[EventDate "2016.07.26"]
[EventType "swiss"]
[EventRounds "9"]
[EventCountry "AUS"]
[SourceTitle "EXT 2018"]
[Source "ChessBase"]
[SourceDate "2017.10.13"]
[SourceVersion "1"]
[SourceVersionDate "2017.10.13"]
[SourceQuality "1"]

1. e4 c5 2. Nf3 d6 3. Bb5+ Bd7 4. Bxd7+ Qxd7 5. 0-0 e6 6. c3 Nc6 7. d4 cxd4 8. cxd4 d5 9. exd5 Qxd5 10. Nc3 Qd7 11. Re1 Be7 12. d5 exd5 13. Qxd5 Qxd5 14. Nxd5 Rd8 15. Nxe7 Ngxe7 16. b4 Nxb4 17. Ba3 a5 18. Bxb4 axb4 19. Rab1 f6 20. Rxb4 Rd7 21. Reb1 Kf7 22. Rxb7 Rxb7 23. Rxb7 Ra8 24. Rb2 Nd5 25. g3 Nc3 26. Rb7+ Kg8 27. Nd4 Rxa2 28. Ne6 Ra8 29. Rxg7+ Kh8 30. Rf7 Nd5 31. Kg2 Re8 32. Nc7 Nxc7 33. Rxc7 Kg8 34. h4 Re5 35. Kf3 Ra5 36. Rd7 Rf5+ 37. Ke3 Re5+ 38. Kf4 Ra5 39. g4 h6 40. Ke4 Rb5 41. Rd5 Rb2 42. f4 Rb7 43. h5 Kf7 44. Kf5 Ra7 45. Rd6 Ra5+ 46. Ke4 Ra4+ 47. Rd4 Ra7 48. Rc4 Re7+ 49. Kd5 Ra7 50. Kd6 Ra6+ 51. Kc7 Ra1 52. f5 Rg1 53. Kd6 Rd1+ 54. Kc5 Ke7 55. Re4+ Kf7 56. Rd4 Rc1+ 1/2-1/2